000 00615nam a22001937a 4500
005 20251108170105.0
008 250721s1985 xx 000 0 ara d
082 1 4 _aط/ق/محم
100 1 _aالبيومي، محمد رجب
245 1 0 _aيوم المجد :
_bقصص عربية /
264 1 _aالرياض :
_bمؤسسة دار الأصالة للثقافة و النشر و الإعلام،
_c1985.
300 _a28ص
650 1 7 _aالأدب العربي
650 1 7 _aأدب الأطفال
650 1 7 _aالروايات
650 1 7 _aالقصص العربية
942 _2ddc
_cBK
999 _c39523
_d39523